| 000 | 00443nam a2200169Ia 4500 | ||
|---|---|---|---|
| 008 | 230917s9999||||xx |||||||||||||| ||und|| | ||
| 020 | _cRS 995.00 | ||
| 040 |
_e5016071 _aMAIN |
||
| 041 | _aEnglish | ||
| 082 | _a613.7046 B469Y | ||
| 100 | _aBhatia, Vinay | ||
| 245 | 0 | _aYoga and recreation | |
| 260 |
_aNew Delhi _bFriends Publications _c2017 |
||
| 300 | _a252 p. | ||
| 500 | _a4686 06/12/2022 FP23/185 03/01/2023 Main Budget | ||
| 942 | _cBK | ||
| 999 |
_c6546 _d6546 |
||